LEADER 01036nam0 22002891i 450 001 RML0286657 005 20231121125732.0 010 $a0761941568 100 $a20121121d2004 ||||0itac50 ba 101 | $aeng 102 $agb 181 1$6z01$ai $bxxxe 182 1$6z01$an 200 1 $aCultural studies$etheory and practice$fChris Barker$gwith a foreword by Paul Willis 210 $aLondon [etc.] $cSage $d2004 215 $aXXIII, 485 p.$d25 cm. 606 $aCultura$xRicerche interdisciplinari$2FIR$3RMLC412839$9I 700 1$aBarker$b, Chris$3RMLV185075$0174827 702 1$aWillis$b, Paul$3RMLV161777 801 3$aIT$bIT-01$c20121121 850 $aIT-FR0017 899 $aBiblioteca umanistica Giorgio Aprea$bFR0017 912 $aRML0286657 950 0$aBiblioteca umanistica Giorgio Aprea$d 52CIS 3/773$e 52VM 0000564125 VM barcode:00055655. - Inventario:65 SUSVM$fA $h20050614$i20121204 977 $a 52 996 $aCultural studies$91121671 997 $aUNICAS